| 000 | 00775 a2200169 4500 | ||
|---|---|---|---|
| 003 | Nust | ||
| 005 | 20221201104553.0 | ||
| 040 | _cNust | ||
| 082 | _a535,BRA | ||
| 100 |
_a Bragg, William Henry, Sir, _9103870 |
||
| 245 |
_aThe universe of light / _cSir William Bragg ... |
||
| 260 |
_aLondon, _b G. Bell & Sons ltd _c., 1933. |
||
| 300 |
_ax p., 1 l., 283 p. _bcol. front., illus., plates _c (1 col.) diagrs. 23 cm. |
||
| 505 | _aThe Nature of Light (Page-1), The eye and Vision (Page-38), Colour (Page-85), The Origins of Colour (Page-111), The Colour of The Sky (Page-146), The Polarisation of Light (Page-164), Light from the Sun and Stars (Page-199), The Rontgen Rays (Page-228), The Wave and the Coruscle (Page-254). | ||
| 650 | _aPhysics | ||
| 942 |
_2ddc _cBK _k535,BRA |
||
| 999 |
_c183977 _d183977 |
||